| 000 | 00753nam a2200217 a 4500 | ||
|---|---|---|---|
| 001 | BRCA_960 | ||
| 005 | 20190320203225.0 | ||
| 008 | 790530s1978 nyua---##b---#001-0#eng-# | ||
| 020 | _a0688033253 | ||
| 040 |
_aDLC _cDLC _dDLC |
||
| 050 | 4 |
_aNK2812 _b.V66 1978 |
|
| 100 | 1 |
_aVon Rosenstiel, Helene _93176 |
|
| 245 | 1 | 0 |
_aAmerican Rugs and Carpets _bfrom the Seventeenth Century to Modern Times _cHelene Von Rosenstiel. |
| 260 |
_aNueva York _bWilliam Morrow _c1978 |
||
| 300 |
_a192 p. _bil. (algunas a color) _c29 cm. |
||
| 500 | _aIncluye índice alfabético, glosario y lista de ilustraciones a color | ||
| 504 | _aBibliografía : p. [184]-187 | ||
| 650 | 1 | 4 |
_aAlfombras _zEstados Unidos _93177 |
| 650 | 1 | 4 |
_aMantas _zEstados Unidos _93178 |
| 942 |
_2lcc _cB |
||
| 999 |
_c847 _d847 |
||